LEADER 01861nam a2200349 a 4500 001 000000168628 003 CaOOAMICUS 005 20180711102145.0 008 180711s2018 it o u000 u ita r 020 $a978-88-99221-04-1* 032 $aLibriCat 040 $aPUL$bita 111 2 $aConvegno di studi storico-ecumenici$n(1 :$d2017 :$cBari).$0(OLS)http://pul/name/108650 245 11$a"Colloquium charitativum" San Lorenzo da Brindisi in dialogo con i luterani :$batti del I Convegno di studi storico-ecumenici : Bari, 29 aprile 2017 /$ca cura di Alfredo di Napoli. 260 $aBari :$bL'Aurora Serafica,$c2018. 300 $aXXV, 235 p. :$bfoto. ;$c24 cm. 490 1 $aStudia PACS. "S. Lorenzo da Brindisi". Parola-Arte-Cultura-Storia ;$v03 500 $aIn testa al front.: Biblioteca provinciale dei Frati minori cappuccini di Puglia, Bari. 504 $aBibliografia in nota. 600 04$aLaurentius a Brundusio,$cs.,$d1559-1619.$0(OLS)http://pul/subject/4170 700 1 $aDi Napoli, Alfredo,$co.f.m.,$d1967-$0(OLS)http://pul/name/77557 830 0$aStudia PACS ;$v03.$0(OLS)http://pul/title/209064 850 $aPUL 852 $aPUL$W1$xDP1 Religione 1$y20$m642 Z 220$j192069$qStampati$B196552$CPULBib$Z2$F196552 $H131150 $81 941 1 $a8 960 $aLaurentius a Brindisi,? $cs.,$d1559-1619?$94170 960 $aLorenzo da Brindisi,$cs.,$d1559-1619?$94170 960 $aRusso, Lorenzo,? $cO.F.M.Cap.,? $d1559-1619$94170 996 $6020$a978-88-99221-04-1*$9(OLS)http://pul/number/164505 996 $6245$a"Colloquium charitativum" San Lorenzo da Brindisi in dialogo con i luterani :$batti del I Convegno di studi storico-ecumenici : Bari, 29 aprile 2017$9(OLS)http://pul/title/209062 996 $6260$aBari :$bL'Aurora Serafica$9(OLS)http://pul/publisher/84535 LEADER 01280nam a2200313 a 4500 001 000000173551 003 CaOOAMICUS 005 20200609115013.0 008 200609s2019 enk u000 u eng r 020 $z978-0-19-873744-5* 032 $aLibriCat 040 $aPUL$bita 082 04$a341 100 1 $aCrawford, James,$d1948-$0(OLS)http://pul/name/49101 245 10$aBrownlie's principles of public international law / $cby James Crawford, SC, FBA. 250 $a9a ed. 260 $aOxford :$bOxford University Press,$c[2019] 300 $alxxxv, 785 p. ;$c25 cm 500 $aInclude indici. 504 $aInclude riferimenti bibliografici e indice. 650 4$aDiritto internazionale$xManuali e compendi.$0(OLS)http://pul/subject/26810 850 $aPUL 852 $aPUL$W1$xSL Diritto e Scienze Sociali 3$y79$m341 CRAJA 2$j197548$qDDC 21$B202333$CPULBib$Z2$F202333 $H134229 $82 941 1 $a9 996 $6020$z978-0-19-873744-5*$9(OLS)http://pul/number/167549 996 $6082$a341$9(OLS)http://pul/classification/387 996 $6245$aBrownlie's principles of public international law / $9(OLS)http://pul/title/197926 996 $6260$aOxford :$bOxford University Press$9(OLS)http://pul/publisher/48013